00621nam a2200181 i 450000100060000000300090000600500170001500700030003200800410003510000270007624500540010325000150015726000740017230000220024685200320026899900170030095201220031745165ES-MaACL20230906161152.0t|030325s1971 mx ||||1| spa d1 aCiria, Alberto.93888410aPerón y el justicialismo / cpor Alberto Ciria. a[1ª ed.]. aMéxico : bSiglo Veintiuno ; aBuenos Aires : bLa Prensa, c[1971] a193 p. ; c15 cm. aES-MaACLjA-10273 bR.99477 c45165d45165 00104070aATENEOMbATENEOMcDEPO1d2008-01-17eSCl0oA-10273p1047530r2023-02-23 00:00:00w2023-02-23yMONOGRAFIA